Catálogo público

El pequeño larousse ilustrado. (Record no. 109180)

MARC details
000 -CABECERA
campo de control de longitud fija 00626nam a2200253 a 4500
001 - NÚMERO DE CONTROL
campo de control 000112719
003 - IDENTIFICADOR DEL NÚMERO DE CONTROL
campo de control CHAP
005 - FECHA Y HORA DE LA ÚLTIMA TRANSACCIÓN
campo de control 20220329144319.0
008 - DATOS DE LONGITUD FIJA--INFORMACIÓN GENERAL
campo de control de longitud fija 161011s2016 mx a |rd ||||||spa d
010 ## - NÚMERO DE CONTROL DE LA BIBLIOTECA DEL CONGRESO
Número de control de LC 109180
011 ## - ENLACE DEL NUMERO DE CONTROL DE LA BIBLIOTECA DEL CONGRESO [OBSOLETO]
Número de control de LC 110152
020 ## - NÚMERO INTERNACIONAL ESTÁNDAR DEL LIBRO
Número Internacional Estándar del Libro 9786072111356
040 ## - FUENTE DE LA CATALOGACIÓN
Centro/agencia transcriptor CHAP
082 04 - NÚMERO DE LA CLASIFICACIÓN DECIMAL DEWEY
Número de clasificación 463
Número de documento/Ítem P42 2016
245 03 - MENCIÓN DE TÍTULO
Título El pequeño larousse ilustrado.
250 ## - MENCIÓN DE EDICIÓN
Mención de edición 22 ed.
260 ## - PUBLICACIÓN, DISTRIBUCIÓN, ETC.
Lugar de publicación, distribución, etc. México, D.F. :
Nombre del editor, distribuidor, etc. Edicciones Larousse,
Fecha de publicación, distribución, etc. 2016.
300 ## - DESCRIPCIÓN FÍSICA
Extensión 1824 p. :
Otras características físicas il.
590 ## - NOTA LOCAL (RLIN)
Nota local E5765TAJ
Procedencia (VM) [OBSOLETO] 05
Condición del los carretes individuales (VM) [OBSOLETO] 20161011
-- UCH01
-- 0946
650 14 - PUNTO DE ACCESO ADICIONAL DE MATERIA--TÉRMINO DE MATERIA
Término de materia o nombre geográfico como elemento de entrada Español
Subdivisión general Diccionarios.
9 (RLIN) 37725
901 ## - ELEMENTOS DE DATOS A LOCAL LDA (RLIN)
a BK
942 ## - ELEMENTOS DE PUNTO DE ACCESO ADICIONAL (KOHA)
Tipo de ítem Koha Libro
942 ## - ELEMENTOS DE PUNTO DE ACCESO ADICIONAL (KOHA)
Suprimir en OPAC 0
Holdings
Estado de retiro Estado de pérdida Fuente del sistema de clasificación o colocación Estado dañado Restricciones de uso No para préstamo Código de colección Localización permanente Ubicación/localización actual Fecha de adquisición Información codificada de la localización en otra ubicación Total de préstamos Signatura topográfica completa Código de barras Fecha visto por última vez Precio válido a partir de Tipo de ítem Koha Nota pública Número de copia
    Dewey Decimal Classification   Préstamo interno   Consulta Centro Regional San Luis Acatlán Centro Regional San Luis Acatlán 11/10/2016 LIBRO   463 P42 2016 02000000856 31/12/2019 11/10/2016 Libro Recien adquirido  
    Dewey Decimal Classification   Préstamo interno   Consulta Centro Regional San Luis Acatlán Centro Regional San Luis Acatlán 16/06/2017 LIBRO   463 P42 2016 02000001086 31/12/2019 16/06/2017 Libro Recien adquirido c.2